International Business (Record no. 3462)
[ view plain ]
| 000 -LEADER | |
|---|---|
| fixed length control field | 00783nam a2200229Ia 4500 |
| 003 - CONTROL NUMBER IDENTIFIER | |
| control field | BUBTL |
| 008 - FIXED-LENGTH DATA ELEMENTS--GENERAL INFORMATION | |
| fixed length control field | 151213s9999 xx 000 0 und d |
| 020 ## - INTERNATIONAL STANDARD BOOK NUMBER | |
| International Standard Book Number | 0-003-035179-0 |
| 082 ## - DEWEY DECIMAL CLASSIFICATION NUMBER | |
| Classification number | 658.049 |
| Item number | CZB |
| 100 ## - MAIN ENTRY--PERSONAL NAME | |
| Personal name | Michale R. Czinkola,Ilkka A. Ronkainen, & Michal H. Moffett |
| 245 ## - TITLE STATEMENT | |
| Title | International Business |
| Statement of responsibility, etc. | Michale R. Czinkola,Ilkka A. Ronkainen, & Michal H. Moffett |
| 250 ## - EDITION STATEMENT | |
| Edition statement | 6th |
| 260 ## - PUBLICATION, DISTRIBUTION, ETC. (IMPRINT) | |
| Place of publication, distribution, etc. | Australia |
| Name of publisher, distributor, etc. | Thomson South - Western |
| Date of publication, distribution, etc. | 2002 |
| 300 ## - PHYSICAL DESCRIPTION | |
| Extent | [xxviii] , 672p . : |
| Other physical details | ill , Graph , Table , Maps ; 22cm . |
| Dimensions | Business . |
| 500 ## - GENERAL NOTE | |
| General note | Includes Index . |
| 650 ## - SUBJECT ADDED ENTRY--TOPICAL TERM | |
| Topical term or geographic name as entry element | Business |
| 650 ## - SUBJECT ADDED ENTRY--TOPICAL TERM | |
| Topical term or geographic name as entry element | Business |
| 700 ## - ADDED ENTRY--PERSONAL NAME | |
| Personal name | Michale R. Czinkola,Ilkka A. Ronkainen, & Michal H. Moffett |
| 856 ## - ELECTRONIC LOCATION AND ACCESS | |
| Password | 0 |
| Logon | 0 |
| Link text | Download |
| 942 ## - ADDED ENTRY ELEMENTS (KOHA) | |
| Source of classification or shelving scheme | |
| Koha item type | Books |
| Withdrawn status | Lost status | Source of classification or shelving scheme | Damaged status | Not for loan | Collection code | Permanent location | Current location | Shelving location | Date acquired | Inventory number | Total Checkouts | Full call number | Barcode | Date last seen | Copy number | Price effective from | Koha item type | Date last checked out |
|---|---|---|---|---|---|---|---|---|---|---|---|---|---|---|---|---|---|---|
| Non-fiction | Bangladesh University of Business and Technology Library | Bangladesh University of Business and Technology Library | Management Stacks | 01/10/2018 | 6078 | 658.049 CZB | BUBTL-20036078 | 01/10/2018 | C-1 | 01/10/2018 | Books | |||||||
| Non-fiction | Bangladesh University of Business and Technology Library | Bangladesh University of Business and Technology Library | Management Stacks | 01/10/2018 | 6073 | 658.049 CZB | BUBTL-20036073 | 01/10/2018 | C-2 | 01/10/2018 | Books | |||||||
| Non-fiction | Bangladesh University of Business and Technology Library | Bangladesh University of Business and Technology Library | Management Stacks | 01/10/2018 | 6079 | 658.049 CZB | BUBTL-20036079 | 01/10/2018 | C-3 | 01/10/2018 | Books | |||||||
| Non-fiction | Bangladesh University of Business and Technology Library | Bangladesh University of Business and Technology Library | Management Stacks | 01/10/2018 | 6077 | 1 | 658.049 CZB | BUBTL-20036077 | 09/04/2023 | C-4 | 01/10/2018 | Books | 01/02/2022 | |||||
| Not For Loan | Non-fiction | Bangladesh University of Business and Technology Library | Bangladesh University of Business and Technology Library | Management Stacks | 01/10/2018 | 6072 | 658.049 CZB | BUBTL-20036072 | 01/10/2018 | C-5 | 01/10/2018 | Books | ||||||
| Non-fiction | Bangladesh University of Business and Technology Library | Bangladesh University of Business and Technology Library | Management Stacks | 01/10/2018 | 6081 | 658.049 CZB | BUBTL-20036081 | 01/10/2018 | C-6 | 01/10/2018 | Books | |||||||
| Non-fiction | Bangladesh University of Business and Technology Library | Bangladesh University of Business and Technology Library | Management Stacks | 01/10/2018 | 6080 | 658.049 CZB | BUBTL-20036080 | 01/10/2018 | C-7 | 01/10/2018 | Books | |||||||
| Non-fiction | Bangladesh University of Business and Technology Library | Bangladesh University of Business and Technology Library | Management Stacks | 01/10/2018 | 6074 | 658.049 CZB | BUBTL-20036074 | 01/10/2018 | C-8 | 01/10/2018 | Books | |||||||
| Non-fiction | Bangladesh University of Business and Technology Library | Bangladesh University of Business and Technology Library | Management Stacks | 01/10/2018 | 6075 | 658.049 CZB | BUBTL-20036075 | 01/10/2018 | C-9 | 01/10/2018 | Books | |||||||
| Non-fiction | Bangladesh University of Business and Technology Library | Bangladesh University of Business and Technology Library | Management Stacks | 01/10/2018 | 6076 | 658.049 CZB | BUBTL-20036076 | 01/10/2018 | C-10 | 01/10/2018 | Books |
